| 000 | 00848nam a2200217 i 4500 | ||
|---|---|---|---|
| 001 | 68515 | ||
| 003 | ES-MaACL | ||
| 005 | 20250822063129.0 | ||
| 007 | t| | ||
| 008 | 900725m19171921sp |||| |dspa d | ||
| 100 | 1 |
_aGarcía Mercadal, J., _d1883-1975 _9164264 |
|
| 245 | 1 | 0 |
_aEspaña vista por los extranjeros / _cJ. García Mercadal. |
| 260 |
_aMadrid : _bBiblioteca Nueva, _c[1917-1921?] |
||
| 300 |
_a3 v ; _c19 cm. |
||
| 505 | 8 |
_aContiene: I ; _tRelaciones de viajeros desde la edad más remota hasta el siglo XVI - II ; _tRelaciones de viajeros y embajadores (siglo XVI) - III ; _tRelaciones de viajeros y embajadores (siglo XVII) |
|
| 650 | 1 | 4 |
_aViajeros- _zEspaña. _9167475 |
| 651 | 4 |
_aEspaña- _xDescripción. _98184 |
|
| 651 | 4 |
_aEspaña- _xUsos y costumbres. _98515 |
|
| 852 |
_aES-MaACL _jF-871-73 |
||
| 999 |
_c68515 _d68515 |
||